Voda v 21. storočí

V 21. storočí bude kvalita i kvantita bude rozhodovať o vode pre ľudstvo. Kvantitatívne parametre človek ovplyvňuje minimálne. Hypotetické možnosti zmeny klímy. Nástroje na eliminovanie dôsledkov klimatickej zmeny. Možnosti hydrológov a hydrológie.

Guardado en:
Detalles Bibliográficos
Autor principal: Majerčáková, O.
Formato: Capítulo de libro
Lenguaje:eslovaco
Materias:
Etiquetas: Agregar Etiqueta
Sin Etiquetas, Sea el primero en etiquetar este registro!

MARC

LEADER 00000naa$a2200000$$$4500
001 0038208
005 20230928075513.8
041 0 |a slo 
044 |a SK 
245 1 0 |a Voda v 21. storočí  |c Oľga Majerčáková 
520 |a V 21. storočí bude kvalita i kvantita bude rozhodovať o vode pre ľudstvo. Kvantitatívne parametre človek ovplyvňuje minimálne. Hypotetické možnosti zmeny klímy. Nástroje na eliminovanie dôsledkov klimatickej zmeny. Možnosti hydrológov a hydrológie. 
610 2 0 |a zmeny klimatické 
610 2 0 |a voda 
610 2 0 |a hydrológia 
610 2 0 |a hydrometria 
610 2 0 |a hydrometeorológia 
610 2 0 |a vodohospodárstvo 
610 2 0 |a 2001-2100 
100 1 |a Majerčáková, O.